MARC details
| 000 -CABECERA |
| campo de control de longitud fija |
00987cam a2200313 a 4500 |
| 001 - NÚMERO DE CONTROL |
| campo de control |
000003812 |
| 003 - IDENTIFICADOR DEL NÚMERO DE CONTROL |
| campo de control |
DO-SdBNP |
| 005 - FECHA Y HORA DE LA ÚLTIMA TRANSACCIÓN |
| campo de control |
20220719095939.0 |
| 007 - CAMPO FIJO DE DESCRIPCIÓN FÍSICA--INFORMACIÓN GENERAL |
| campo de control de longitud fija |
ta |
| 008 - DATOS DE LONGITUD FIJA--INFORMACIÓN GENERAL |
| campo de control de longitud fija |
051028e1994 br er 000 1 spa d |
| 020 ## - NÚMERO INTERNACIONAL ESTÁNDAR DEL LIBRO |
| Número Internacional Estándar del Libro |
9500812290 |
| 040 ## - FUENTE DE LA CATALOGACIÓN |
| Centro catalogador/agencia de origen |
DO-SdBNP |
| Lengua de catalogación |
spa |
| Centro/agencia transcriptor |
BNPHU |
| 041 17 - CÓDIGO DE LENGUA |
| Código de lengua original |
eng |
| 082 #4 - NÚMERO DE LA CLASIFICACIÓN DECIMAL DEWEY |
| Número de clasificación |
813.53 |
| Número de documento/Ítem |
C821e |
| Número de edición |
22 |
| 100 1# - ENTRADA PRINCIPAL--NOMBRE DE PERSONA |
| Nombre de persona |
Cornwell, Patricia Daniels. |
| 9 (RLIN) |
11560 |
| Fechas asociadas al nombre |
1956- |
| 240 10 - TÍTULO UNIFORME |
| Título uniforme |
Cruel and unusual |
| 245 10 - MENCIÓN DE TÍTULO |
| Título |
Extraño & cruel / |
| Mención de responsabilidad, etc. |
Patricia D. Cornwell ; Traductor,Marcela Solá ; Prólogo Ronnie Joe Wadell |
| 246 ## - FORMA VARIANTE DE TÍTULO |
| Título propio/Titulo breve |
Extraño y cruel |
| 260 ## - PUBLICACIÓN, DISTRIBUCIÓN, ETC. |
| Lugar de publicación, distribución, etc. |
São Paulo, Brasil : |
| Nombre del editor, distribuidor, etc. |
Atlántida, |
| Fecha de publicación, distribución, etc. |
1994. |
| 300 ## - DESCRIPCIÓN FÍSICA |
| Extensión |
376 p. ; |
| Dimensiones |
24 cm. |
| 534 ## - NOTA SOBRE LA VERSIÓN ORIGINAL |
| Encabezamiento principal del original |
Título original: Cruel and unusual |
| 590 ## - NOTA LOCAL (RLIN) |
| Nota local |
Inventariado 2022 / MF |
| 650 #4 - PUNTO DE ACCESO ADICIONAL DE MATERIA--TÉRMINO DE MATERIA |
| Término de materia o nombre geográfico como elemento de entrada |
Litertura estadounidense |
| 9 (RLIN) |
10902 |
| Subdivisión de forma |
Ficción |
| 650 #4 - PUNTO DE ACCESO ADICIONAL DE MATERIA--TÉRMINO DE MATERIA |
| Término de materia o nombre geográfico como elemento de entrada |
Novela estadounidense |
| 9 (RLIN) |
262 |
| Subdivisión de forma |
Ficción |
| 700 1# - PUNTO DE ACCESO ADICIONAL--NOMBRE DE PERSONA |
| Nombre de persona |
Solá, Marcela, |
| Término indicativo de función/relación |
trad. |
| 9 (RLIN) |
11561 |
| 700 1# - PUNTO DE ACCESO ADICIONAL--NOMBRE DE PERSONA |
| Nombre de persona |
Wadell, Ronnie Joe, |
| Término indicativo de función/relación |
pról. |
| 9 (RLIN) |
81268 |
| 910 ## - DATOS DE OPCIÓN DEL USUARIO (OCLC) |
| Datos de opción del usuario |
MFeliz |
| 942 ## - ELEMENTOS DE PUNTO DE ACCESO ADICIONAL (KOHA) |
| Fuente del sistema de clasificación o colocación |
Dewey Decimal Classification |
| Tipo de ítem Koha |
Libro |